[Event "Berlin Spring op-B"]
[Site "Berlin"]
[Date "2014.05.04"]
[Round "7"]
[White "Joehn, Justin"]
[Black "Gelman, Josef"]
[Result "1-0"]
[WhiteElo "1707"]
[BlackElo "1528"]
[PlyCount "159"]
[EventDate "2014.05.01"]
[EventType "swiss"]
[EventRounds "7"]
[EventCountry "GER"]
[SourceTitle "CBM 160 Extra"]
[Source "ChessBase"]
[SourceDate "2014.07.01"]
[SourceVersion "1"]
[SourceVersionDate "2014.07.01"]
[SourceQuality "1"]

1. e4 g6 2. d4 Bg7 3. f4 d5 4. e5 Bf5 5. Bd3 Qd7 6. Nf3 Bxd3 7. Qxd3 e6 8. Nbd2 Ne7 9. b3 Na6 10. Ba3 Rc8 11. 0-0 0-0 12. c4 c6 13. c5 Nc7 14. Rfb1 Rfe8 15. b4 a6 16. Bc1 Nf5 17. a4 Ra8 18. Rb2 Rec8 19. Nb1 Ne8 20. g4 Ne7 21. g5 Bf8 22. Nc3 Nf5 23. Rab1 Rcb8 24. b5 Ne7 25. bxc6 Nxc6 26. Be3 Ng7 27. Nd2 Nf5 28. Bf2 Ng7 29. Nb3 Be7 30. Qd2 Bd8 31. Na2 Nf5 32. Be1 Ng7 33. Qd3 Nh5 34. Bd2 Ng7 35. Kf2 Nf5 36. Ra1 Ng7 37. Nb4 Nf5 38. Nxc6 Qxc6 39. Na5 Bxa5 40. Bxa5 Qd7 41. Qd1 Qc6 42. Rab1 Qd7 43. Rb4 Ne7 44. Rb6 Nc6 45. Qd2 Ra7 46. Ke3 Ne7 47. Qc2 Nc6 48. Be1 Qc8 49. Qb3 Qd7 50. a5 Qc8 51. Qa4 Raa8 52. Bc3 Kf8 53. h4 Kg7 54. R6b2 Ne7 55. Kf3 Ra7 56. Be1 Qc6 57. Qd1 Qd7 58. Rb6 Nf5 59. Bf2 Ne7 60. Kg4 Rc8 61. Qb3 Rc7 62. Rd6 Qc8 63. Qb6 Ra8 64. Qb2 Nc6 65. Qd2 Qh8 66. h5 gxh5+ 67. Kf3 h6 68. gxh6+ Qxh6 69. Rg1+ Kh8 70. Bh4 Rg8 71. Bg5 Rxg5 72. Rxg5 Qh7 73. f5 f6 74. Rg6 Rg7 75. Rh6 Nxd4+ 76. Kf2 Nxf5 77. Rxh7+ Kxh7 78. Rxe6 Nh4 79. Qd3+ f5 80. Qxd5 1-0

[Event "Berlin Spring op-B"]
[Site "Berlin"]
[Date "2014.05.01"]
[Round "1"]
[White "Flumenbaum, Jack"]
[Black "Joehn, Justin"]
[Result "0-1"]
[WhiteElo "1313"]
[BlackElo "1707"]
[PlyCount "90"]
[EventDate "2014.05.01"]
[EventType "swiss"]
[EventRounds "7"]
[EventCountry "GER"]
[SourceTitle "CBM 160 Extra"]
[Source "ChessBase"]
[SourceDate "2014.07.01"]
[SourceVersion "1"]
[SourceVersionDate "2014.07.01"]
[SourceQuality "1"]

1. e4 c5 2. Nf3 e6 3. d4 cxd4 4. Nxd4 a6 5. Nc3 b5 6. Bd3 Bb7 7. 0-0 Nc6 8. Nxc6 Bxc6 9. Be3 Rc8 10. f4 d5 11. exd5 Bxd5 12. Nxd5 Qxd5 13. Qf3 Nf6 14. Kh1 Bc5 15. f5 e5 16. Qg3 Nh5 17. Qf3 Qxf3 18. Rxf3 0-0 19. Re1 Rfd8 20. Bg5 f6 21. Bd2 Bd6 22. g3 Kf7 23. Re4 g6 24. Rh4 Rh8 25. c4 b4 26. c5 Bxc5 27. Bxb4 Bd4 28. Bc3 Bxc3 29. bxc3 a5 30. Ra4 Rc5 31. Ra3 Rd8 32. Kg2 Ng7 33. g4 gxf5 34. Bxf5 Nxf5 35. Rxf5 Kg6 36. h4 Rd2+ 37. Kg3 Rd3+ 38. Rf3 Rxf3+ 39. Kxf3 h5 40. Kg3 hxg4 41. Kxg4 Rc4+ 42. Kg3 a4 43. Kh3 Kh5 44. Kg3 f5 45. Kf3 Kxh4 0-1

[Event "Rostock op"]
[Site "Rostock"]
[Date "2008.08.30"]
[Round "5"]
[White "Raitza, Egon"]
[Black "Joehn, Justin"]
[Result "1/2-1/2"]
[WhiteElo "1869"]
[BlackElo "1635"]
[PlyCount "143"]
[EventDate "2008.08.28"]
[EventType "swiss"]
[EventRounds "7"]
[EventCountry "GER"]
[SourceTitle "CBM 126 Extra"]
[Source "ChessBase"]
[SourceDate "2008.11.05"]
[SourceVersion "1"]
[SourceVersionDate "2008.11.05"]
[SourceQuality "1"]

1. d4 f5 2. g3 Nf6 3. Bg2 c6 4. Nh3 d5 5. 0-0 g6 6. Bd2 Bg7 7. Bb4 Na6 8. Ba3 0-0 9. Nd2 Re8 10. Nf3 Nd7 11. Nf4 e5 12. dxe5 Nxe5 13. Nxe5 Bxe5 14. Nd3 Bd6 15. Bxd6 Qxd6 16. e3 Be6 17. c3 Bf7 18. Qd2 Nc7 19. Rad1 Ne6 20. Rfe1 Rad8 21. f4 Re7 22. Ne5 Nc5 23. Qd4 b6 24. c4 Qf6 25. cxd5 cxd5 26. Nxf7 Kxf7 27. Qxf6+ Kxf6 28. Rxd5 Rc8 29. Rd6+ Re6 30. Rxe6+ Nxe6 31. e4 fxe4 32. Bxe4 Nd4 33. Kf2 Rc7 34. Rd1 Ne6 35. Rd2 Nc5 36. Bb1 Nd7 37. Ke3 Nf8 38. Be4 Ne6 39. Rd6 Ke7 40. Rd2 Kf6 41. g4 g5 42. fxg5+ Kxg5 43. Bf5 Re7 44. Bxe6 Rxe6+ 45. Kf3 h6 46. Rd5+ Kg6 47. h4 a5 48. Rb5 Kg7 49. Kf4 Rc6 50. Kf5 Kf7 51. g5 h5 52. Rd5 Kf8 53. Rd7 Rc4 54. Rb7 Rxh4 55. Rxb6 Rh2 56. Rb7 Rf2+ 57. Kg6 h4 58. Rb8+ Ke7 59. Rh8 Rxb2 60. Rxh4 Rxa2 61. Rh7+ Kf8 62. Rf7+ Ke8 63. Ra7 a4 64. Kg7 a3 65. g6 Ra1 66. Kg8 a2 67. g7 Kd8 68. Kf7 Rf1+ 69. Ke6 Re1+ 70. Kd5 Rg1 71. Rxa2 Rxg7 72. Ra8+ 1/2-1/2